[Event "Pohar mesta Ricany 2010 - cena Klidneho mesta"]
[Site "http://www.openricany.cz"]
[Date "2010.08.21"]
[Round "1.37"]
[White "Zvara, David"]
[Black "Jiousek, Filip"]
[Result "1/2-1/2"]
[WhiteElo "2010"]
[BlackElo "1787"]

1. e4 c5 2. Nf3 Nc6 3. Bb5 a6 4. Bxc6 dxc6 5. O-O Bg4 6. Re1 e6 7. h3 Bh5 8. d3
Nf6 9. Be3 Be7 10. Nbd2 O-O 11. d4 Bxf3 12. Nxf3 Nxe4 13. Qd3 cxd4 14. Bxd4 Nf6
15. Qb3 c5 16. Bxf6 Bxf6 17. Qxb7 Qb8 18. Qb3 Bxb2 19. Rab1 Bf6 20. Qc4 Qd6
21. Red1 Qc6 1/2-1/2

[Event "Pohar mesta Ricany 2010 - cena Klidneho mesta"]
[Site "http://www.openricany.cz"]
[Date "2010.08.21"]
[Round "1.25"]
[White "Ruzicka, Vaclav jun."]
[Black "Starek, Stanislav"]
[Result "1/2-1/2"]
[WhiteElo "2057"]
[BlackElo "1872"]

1. c4 g6 2. Nc3 Bg7 3. e4 d6 4. d3 c5 5. g3 e6 6. Bg2 Ne7 7. Nge2 O-O 8. Be3 e5
9. Qd2 Nbc6 10. h4 h5 11. f4 Bg4 12. O-O Nd4 13. Kh2 a6 14. Ng1 Qd7 15. Nd5 Nxd5
16. exd5 Rae8 17. Nh3 Qa4 18. b3 Qd7 19. Rf2 1/2-1/2

[Event "Pohar mesta Ricany 2010 - cena Klidneho mesta"]
[Site "http://www.openricany.cz"]
[Date "2010.08.21"]
[Round "1.32"]
[White "Havlicek, Pavel"]
[Black "Vavrinec, Tomas"]
[Result "0-1"]
[WhiteElo "1810"]
[BlackElo "2030"]

1. Nf3 Nf6 2. Nc3 d5 3. e3 Bg4 4. Be2 c5 5. d4 Nc6 6. O-O e6 7. b3 Rc8 8. Na4
cxd4 9. exd4 Be7 10. Be3 O-O 11. a3 Ne4 12. Nd2 Bxe2 13. Qxe2 Nxd2 14. Qxd2 Bf6
15. f4 g6 16. Nc5 Qc7 17. b4 b6 18. Na4 Ne7 19. Rac1 Qc6 20. Nb2 Qc3 0-1

[Event "Pohar mesta Ricany 2010 - cena Klidneho mesta"]
[Site "http://www.openricany.cz"]
[Date "2010.08.21"]
[Round "1.10"]
[White "Paukert, Jan"]
[Black "Vanka, Miloslav"]
[Result "0-1"]
[WhiteElo "1928"]
[BlackElo "2189"]

1. d4 f5 2. Bg5 g6 3. c4 Bg7 4. Nc3 Nf6 5. Bxf6 Bxf6 6. e4 d6 7. Nf3 Nc6 8. Qd2
e5 9. dxe5 Nxe5 10. Be2 O-O 11. O-O Be6 12. Nxe5 Bxe5 13. Bd3 f4 14. Be2 f3
15. Bxf3 Rxf3 16. gxf3 Qh4 17. Rfd1 Qxh2+ 18. Kf1 Bxc4+ 0-1

[Event "Pohar mesta Ricany 2010 - cena Klidneho mesta"]
[Site "http://www.openricany.cz"]
[Date "2010.08.21"]
[Round "1.44"]
[White "Plasil, Petr"]
[Black "Rut, Vojtech"]
[Result "0-1"]
[WhiteElo "1859"]
[BlackElo "1972"]

1. g3 g6 2. Bg2 Bg7 3. d3 Nf6 4. Nd2 O-O 5. e3 d5 6. Ne2 Nbd7 7. O-O c6 8. h3
e5 9. a4 Ne8 10. e4 d4 11. f4 a5 12. f5 b5 13. b3 Nb6 14. g4 Nd6 15. Nf3 Bd7
16. Ba3 Be8 17. g5 gxf5 18. exf5 Nxf5 19. Bxf8 Kxf8 20. Qd2 Ne3 21. Rf2 bxa4
22. bxa4 c5 23. Nfxd4 exd4 24. Bxa8 Qxa8 25. Nf4 Kg8 26. Nh5 Qd5 27. Nxg7 Bc6
0-1

[Event "Pohar mesta Ricany 2010 - cena Klidneho mesta"]
[Site "http://www.openricany.cz"]
[Date "2010.08.21"]
[Round "1.36"]
[White "Pech, Hynek"]
[Black "Petras, Milan"]
[Result "0-1"]
[WhiteElo "1800"]
[BlackElo "2018"]

1. e4 e6 2. d4 d5 3. Nc3 Bb4 4. e5 c5 5. a3 Bxc3+ 6. bxc3 Ne7 7. Bg5 Nbc6
8. Qg4 cxd4 9. cxd4 Qc7 10. Bd3 Nxe5 11. Qd1 Qc3+ 12. Bd2 Qxd4 13. Bb5+ Bd7
14. Bxd7+ Nxd7 15. Ne2 Qc4 16. O-O Rc8 17. Rc1 O-O 18. f4 Nc5 19. Ng3 f5 20. Re1
Ne4 21. Bb4 Rf7 22. Re3 Nc6 23. Be1 Qc5 24. Qd3 e5 25. Ne2 exf4 26. Nxf4 Ne5
27. Qb3 Nc4 28. Bf2 Nxf2 29. Kxf2 Qxe3+ 30. Qxe3 Nxe3 31. Kxe3 Rc3+ 32. Kd4 Rc4+
33. Ke3 Re7+ 34. Kf3 Rc3+ 35. Kf2 Rec7 0-1

[Event "Pohar mesta Ricany 2010 - cena Klidneho mesta"]
[Site "http://www.openricany.cz"]
[Date "2010.08.21"]
[Round "1.3"]
[White "Sodoma, Jan"]
[Black "Nepustil, Frantisek"]
[Result "1-0"]
[WhiteElo "2364"]
[BlackElo "1952"]

1. d4 Nf6 2. c4 d6 3. Nc3 Nbd7 4. e4 e5 5. Nge2 Be7 6. f3 c6 7. Be3 O-O 8. Qd2
Qc7 9. g4 Rd8 10. d5 a5 11. Ng3 Nc5 12. h4 Ne8 13. O-O-O a4 14. Kb1 Bf8 15. h5
f6 16. g5 fxg5 17. Bxg5 Rd7 18. f4 exf4 19. Bxf4 Rf7 20. a3 Be7 21. Rg1 Bf6
22. Nf5 Kf8 23. Bh3 Bxc3 24. Qxc3 cxd5 25. Rxd5 Nxe4 26. Qd4 Bxf5 27. Bxf5 N4f6
28. Bxd6+ Nxd6 29. Rxd6 Re8 30. h6 g6 31. Rxf6 gxf5 32. Rg7 Re1+ 33. Ka2 Re7
34. Rxh7 1-0

[Event "Pohar mesta Ricany 2010 - cena Klidneho mesta"]
[Site "http://www.openricany.cz"]
[Date "2010.08.21"]
[Round "1.12"]
[White "Havelka, Pavel"]
[Black "Vojta, Pavel"]
[Result "1/2-1/2"]
[WhiteElo "1923"]
[BlackElo "2161"]

1. d4 Nf6 2. c4 e6 3. Nc3 d5 4. Bg5 Be7 5. Nf3 O-O 6. e3 b6 7. cxd5 Nxd5
8. Bxe7 Qxe7 9. Nxd5 exd5 10. Be2 Be6 11. Rc1 c5 12. b3 a6 13. O-O Nd7 14. Qd2
Rfc8 15. dxc5 bxc5 16. Rfd1 h6 17. h3 Nf6 18. Qb2 Nd7 19. Qa3 Qf6 20. Qa5 Qb2
21. Qd2 Qa3 22. Rc2 Rab8 23. Rdc1 a5 24. Nd4 Qb4 25. Nxe6 fxe6 26. Qd3 Rf8
27. Bg4 Rf6 28. f4 Re8 29. Bf3 a4 30. Rc3 axb3 31. Rxb3 Qa5 32. Ra3 Qc7 33. Rb1
d4 34. Rb7 Qd8 35. Raa7 Re7 36. exd4 c4 37. Qxc4 Nb6 38. Rxe7 Nxc4 39. Ra8 Qxa8
40. Bxa8 Rxf4 1/2-1/2

[Event "Pohar mesta Ricany 2010 - cena Klidneho mesta"]
[Site "http://www.openricany.cz"]
[Date "2010.08.21"]
[Round "1.9"]
[White "Kohout, Vratislav"]
[Black "Pospisil, Martin"]
[Result "1-0"]
[WhiteElo "2198"]
[BlackElo "1931"]

1. d4 d5 2. Nf3 Nf6 3. Bf4 c5 4. c3 Qb6 5. Qb3 c4 6. Qxb6 axb6 7. Na3 h6 8. Nb5
Na6 9. Ne5 g5 10. Bd2 Ne4 11. b3 f6 12. Ng6 Rg8 13. Nxf8 cxb3 14. axb3 Kxf8
15. f3 Nxd2 16. Kxd2 Kg7 17. e3 Bd7 18. Bd3 Rac8 19. Rhe1 Nc7 20. Na3 Ne8 21. e4
dxe4 22. Rxe4 Kf8 23. Nc4 Nd6 24. Re2 Nxc4+ 25. Bxc4 Rh8 26. Ra7 Rb8 27. Bd5 Bc8
28. Be6 Kg7 29. Bxc8 Rhxc8 30. Rxe7+ Kg6 31. Rexb7 Rxb7 32. Rxb7 Ra8 33. Ke3 Ra2
34. g4 Rc2 35. Rc7 Rxh2 36. d5 Rh1 37. d6 Rd1 38. d7 f5 39. Rc6+ Kg7 40. Rxb6
f4+ 41. Ke4 Rxd7 42. c4 Re7+ 43. Kd4 Re3 44. c5 Rxf3 45. c6 Rf1 46. Rb4 Rd1+
47. Ke4 Re1+ 48. Kf3 Re3+ 49. Kf2 Re8 50. Rc4 Kf6 51. b4 Rc8 52. b5 1-0

[Event "Pohar mesta Ricany 2010 - cena Klidneho mesta"]
[Site "http://www.openricany.cz"]
[Date "2010.08.21"]
[Round "1.11"]
[White "Pospisil, Evzen"]
[Black "Suchomel, Ales"]
[Result "1/2-1/2"]
[WhiteElo "2161"]
[BlackElo "1926"]

1. d4 Nf6 2. Nf3 g6 3. Nc3 d5 4. Bf4 Bg7 5. Qd2 O-O 6. Bh6 Nbd7 7. Bxg7 Kxg7
8. O-O-O b6 9. Ne5 Bb7 10. f3 c5 11. g4 e6 12. g5 Ng8 13. Nxd7 Qxd7 14. h4 Ne7
15. Qf4 Rg8 16. dxc5 bxc5 17. Ne4 Qc6 18. Nd6 Nf5 19. Qe5+ Kf8 20. Nxf5 exf5
21. Qf4 Qe6 22. Bg2 Re8 23. Rd2 d4 24. b3 Qe5 25. Qxe5 Rxe5 26. Rhd1 Re7 27. Bf1
Kg7 28. c3 dxc3 29. Rd3 Rge8 30. Rxc3 Ba6 31. Rd2 1/2-1/2

[Event "Pohar mesta Ricany 2010 - cena Klidneho mesta"]
[Site "http://www.openricany.cz"]
[Date "2010.08.21"]
[Round "1.4"]
[White "Cerny, Michal"]
[Black "Rehorek, Martin"]
[Result "1/2-1/2"]
[WhiteElo "1947"]
[BlackElo "2280"]

1. e4 c5 2. Nf3 e6 3. d4 cxd4 4. Nxd4 Nc6 5. Nc3 Qc7 6. Be3 a6 7. a3 b5 8. g3
Bb7 9. Bg2 Ne5 10. Bf4 d6 11. Bxe5 dxe5 12. Nb3 Nf6 13. O-O b4 14. axb4 Bxb4
15. Na2 Be7 16. Qe2 O-O 17. Rfd1 a5 18. Nac1 a4 19. Nd2 Qxc2 20. Nd3 Ba6 21. Bf1
Rfd8 22. Nf3 Bxd3 23. Rxd3 Qxe2 24. Bxe2 Nxe4 25. Rxd8+ Bxd8 26. Bb5 Nc5 27. b4
e4 28. bxc5 exf3 29. Rxa4 Rxa4 30. Bxa4 g5 31. h3 h5 32. g4 hxg4 33. hxg4 Kg7
34. Bc6 Be7 35. Bxf3 Bxc5 36. Be4 1/2-1/2

[Event "Pohar mesta Ricany 2010 - cena Klidneho mesta"]
[Site "http://www.openricany.cz"]
[Date "2010.08.21"]
[Round "1.40"]
[White "Luzikova, Nicola"]
[Black "Cervenka, Petr"]
[Result "0-1"]
[WhiteElo "1740"]
[BlackElo "1990"]

1. e4 e6 2. d4 d5 3. Nc3 Bb4 4. e5 c5 5. Nf3 Nc6 6. a3 cxd4 7. axb4 dxc3
8. bxc3 Qc7 9. Bf4 Nge7 10. Bd3 Ng6 11. Bxg6 hxg6 12. O-O f6 13. Re1 g5 14. Bg3
Qf7 15. b5 g4 16. bxc6 gxf3 17. cxb7 Bxb7 18. Qxf3 f5 19. Reb1 g5 20. h3 a5
21. Qd3 O-O 22. Qb5 Ba6 23. Qxa5 f4 24. Bh2 f3 25. Bg3 fxg2 26. Kxg2 Qf3+
27. Kh2 Bf1 28. Rxf1 Rxa5 29. Rxa5 Qxc3 30. Ra7 Rf7 31. Ra8+ Kh7 32. Rb1 Kg6
33. Re8 Qc6 34. Rbb8 Kf5 35. f3 Qxc2+ 36. Kg1 Qd1+ 37. Kg2 Qe2+ 38. Bf2 Kxe5
39. Rb3 d4 40. Rd8 Rf4 41. Rxd4 Kf6 42. Rxf4+ gxf4 43. Rb4 Kf5 44. Re4 Qb2
45. h4 Qg7+ 46. Kh3 Qa1 47. Kg2 Qc3 48. Bd4 Qd2+ 49. Bf2 Qd1 50. Re1 Qd5 51. Re4
e5 52. Re1 Qg8+ 53. Kh3 Qg6 54. Rg1 Qh7 55. Rg5+ Ke6 56. Kg4 Kf6 57. h5 Qd7+
58. Kh4 Qd1 59. Rg6+ Kf7 60. Kg5 Qxf3 61. Rf6+ Ke8 62. Bb6 Qg2+ 63. Kf5 Qe2
64. h6 Qh5+ 65. Ke4 Ke7 66. Rf5 Qg6 67. Kxe5 Qd6+ 68. Ke4 Qxb6 69. Kxf4 Qxh6+
70. Ke4 Qg6 71. Kf4 Kd6 72. Rg5 Qd3 73. Rg3 Qd4+ 74. Kf3 Ke5 75. Rg5+ Kf6
76. Rg4 Qd3+ 77. Kf4 Qf5+ 78. Kg3 Ke5 79. Kh4 Kf6 80. Kg3 Ke5 81. Kh4 Qf2+
82. Kh3 Kf5 83. Rg2 Qf3+ 84. Rg3 Qh1# 0-1

[Event "Pohar mesta Ricany 2010 - cena Klidneho mesta"]
[Site "http://www.openricany.cz"]
[Date "2010.08.21"]
[Round "1.31"]
[White "Hulin, Petr"]
[Black "Eisner, Oldrich"]
[Result "1/2-1/2"]
[WhiteElo "2037"]
[BlackElo "1824"]

1. d4 Nf6 2. Nf3 g6 3. Bf4 Bg7 4. e3 d6 5. Be2 O-O 6. h3 Nbd7 7. O-O Qe8
8. Nbd2 e5 9. Bh2 Qe7 10. c3 c6 11. Nc4 Ne8 12. dxe5 dxe5 13. e4 b5 14. Na5 Nb8
15. a4 Bd7 16. axb5 cxb5 17. Qb3 a6 18. Qa3 Qxa3 19. Rxa3 f6 20. Rd1 Nc7 21. c4
bxc4 22. Bxc4+ Be6 23. g4 Bxc4 24. Nxc4 Nb5 25. Rad3 Nc6 26. Nb6 Rad8 27. Nd5
Ncd4 28. Nxd4 Nxd4 29. Ra1 Rb8 30. b4 Nc2 31. Ra4 f5 32. gxf5 gxf5 {Dale
necitelne} 1/2-1/2

[Event "Pohar mesta Ricany 2010 - cena Klidneho mesta"]
[Site "http://www.openricany.cz"]
[Date "2010.08.21"]
[Round "1.23"]
[White "Vit, Moravec"]
[Black "Urban, Miroslav"]
[Result "1-0"]
[WhiteElo "2065"]
[BlackElo "1885"]

1. e4 e5 2. d4 exd4 3. Qxd4 Nc6 4. Qe3 Nf6 5. Nc3 Bb4 6. Bd2 O-O 7. O-O-O d6
8. Qg3 Nh5 9. Qf3 g6 10. Bh6 Ne5 11. Qe2 Re8 12. Nd5 Bc5 13. h3 c6 14. Nc3 f6
15. g4 Ng7 16. f4 Nf7 17. Bxg7 Kxg7 18. Nf3 Qa5 19. Nd4 Bb4 20. Nb3 Qc7 21. Qf3
a5 22. Bc4 Be6 23. Bxe6 Rxe6 24. Nd4 Ree8 25. g5 fxg5 26. f5 Ne5 27. Qg3 Qf7
28. Rdf1 Bxc3 29. Qxc3 Qxa2 30. Ne6+ Rxe6 31. fxe6 Qxe6 32. Rhg1 b5 33. Rxg5 b4
34. Qd4 c5 35. Qd5 Qxh3 36. Qb7+ Nd7 37. Rgg1 Rf8 38. Rd1 Rf7 39. Qd5 Qe3+
40. Kb1 Qf4 41. Qxd6 Qxd6 42. Rxd6 Re7 43. Rd5 Nf6 44. Rxc5 Nxe4 45. Rxa5 h5
46. Rxh5 Nd2+ 47. Kc1 Nf3 48. Rhg5 Nxg5 49. Rxg5 Kf6 50. Rb5 Re4 51. Kd2 g5
52. Kd3 Rf4 53. Ke3 Kg6 54. Rc5 Rf5 55. Rc4 Rb5 56. b3 Kf5 57. Kf3 Rd5 58. Rxb4
Rc5 59. c4 Re5 60. Rb8 g4+ 61. Kf2 Ke4 62. Kg3 Rg5 63. b4 Kd4 64. c5 Kd5 65. Rb6
Rg7 66. c6 Rc7 67. b5 Rg7 68. Rb7 Rg8 69. c7 1-0

[Event "Pohar mesta Ricany 2010 - cena Klidneho mesta"]
[Site "http://www.openricany.cz"]
[Date "2010.08.21"]
[Round "1.14"]
[White "Halla, Jiri"]
[Black "Postupa, Pavel"]
[Result "0-1"]
[WhiteElo "1912"]
[BlackElo "2149"]

1. b3 c5 2. Bb2 Nc6 3. f4 Nf6 4. e3 d5 5. Bb5 Bd7 6. Nf3 e6 7. O-O Bd6 8. Bxc6
Bxc6 9. d3 Qc7 10. Ne5 O-O-O 11. Nd2 Ne8 12. Nxc6 Qxc6 13. Qf3 f6 14. e4 Nc7
15. e5 Be7 16. f5 Rdf8 17. Qg4 g6 18. fxe6 f5 19. Qf3 Nxe6 20. c4 Rd8 21. Rad1
Rd7 22. Nb1 d4 23. Nd2 Qxf3 24. Nxf3 Kc7 25. Bc1 Kc6 26. Bh6 Rg8 27. Bd2 a6
28. Rc1 b6 29. h3 h5 30. Rb1 Rb8 31. Rfc1 Rdb7 32. Be1 Kd7 33. Bg3 b5 34. Rb2 b4
35. Kh2 a5 36. Rcb1 Ra8 37. Ng1 a4 38. Ne2 axb3 39. axb3 Rba7 40. Bf2 Ra1
41. Rxa1 Rxa1 42. Rc2 Bg5 43. g3 f4 44. Kg2 Bh6 45. g4 hxg4 46. hxg4 Bg7 47. Kf3
Bxe5 48. Ke4 Kd6 49. Bh4 g5 50. Bf2 Bf6 51. Nc1 Bg7 52. Be1 Kc6 53. Bd2 Nd8
54. Ra2 {Dale necitelne!} 0-1

[Event "Pohar mesta Ricany 2010 - cena Klidneho mesta"]
[Site "http://www.openricany.cz"]
[Date "2010.08.22"]
[Round "1.27"]
[White "Vevera, Radek"]
[Black "Berg, Antonin"]
[Result "1-0"]
[WhiteElo "2044"]
[BlackElo "1842"]

1. c4 c5 2. Nc3 Nf6 3. g3 d5 4. cxd5 Nxd5 5. Bg2 Nxc3 6. bxc3 e5 7. Nf3 Nc6
8. O-O Be7 9. d3 O-O 10. Bb2 Be6 11. c4 Qc7 12. Qa4 f5 13. Rfd1 Nd4 14. Bxd4
cxd4 15. Rab1 Bd7 16. Qb3 Bc6 17. Nd2 Bxg2 18. Kxg2 Rab8 19. Qa4 b6 20. Kg1 Rf6
21. Rb5 Rd8 22. Rdb1 Rg6 23. Qb3 Kh8 24. a4 h5 25. a5 Bc5 26. Nf3 e4 27. Nh4 Rf6
28. axb6 axb6 29. Ng2 g5 30. Ra1 e3 31. f4 g4 32. Nh4 Kh7 33. Ra6 Rf7 34. Qa2
Rdd7 35. Rb1 Kg7 36. Qa4 Qd6 37. Ra1 Bb4 38. Qb5 Bc5 39. Ra8 Kf6 40. Rh8 Rh7
41. Raa8 Rxh8 42. Rxh8 Qc7 43. Rh6+ Kg7 44. Nxf5+ Kg8 45. Rxh5 Qa7 46. Rg5+ Kf8
47. Qc6 Qa1+ 48. Kg2 Qe1 49. Qf6+ Ke8 50. Rg8+ 1-0